Revista Scientia Iuris

Bibliographic Details
Format: Serial
Language:Portuguese
Published: Londrina PR : Universidade Estadual de Londrina, [2005] -
Subjects:
Online Access:Acceso restringido

MARC

LEADER 00000nas a2200000 a 4500
005 2011091905405.0
008 100806s19uu9990bl 000 0 por d
022 |a 1415-6490 
035 |a 4989 
040 |a BUS   |d vLex 
090 |c 2488  |d 2488 
245 0 0 |a Revista Scientia Iuris  |h [Recurso electrn̤ico]  
256 |a Servicio en ln̕ea  
260 |a Londrina PR :  |b Universidade Estadual de Londrina,   |c [2005] - 
300 |a 1 recurso electrn̤ico 
310 |a Anual  
362 |a Nm︢ 1. [2005] - 
500 |a A revista Scientia Iuris tem por missô disseminar as pesquisas desenvolvidas no meio acadm̊ico, destacandose aquelas relativas s̉ linhas de pesquisa do Mestrado em Direito Negocial da UEL, a fim de contribuir para a ampliaȯ̂ do conhecimento jurd̕ico, bem como fomentar a instigaȯ̂ da cultura de criaȯ̂ acadm̊ica. 
506 1 |a Contenido solo disponible en los productos indicados  |d vLex Global  |d vLex Global (Academic Edition, excluding Law Schools)  |d vLex Global (U.S. Academic Edition, Law Schools)  |d vLex Global (U.S. Academic Edition, excluding Law Schools)  |d vLex Global (Academic Edition, Law Schools) 
650 0 4 |a Derecho  |z Brasil  |x Publicaciones perid̤icas  
740 0 |a vLex Revistas (Servicio en ln̕ea)  
856 4 0 |u http://vlex.com/source/scientia-iuris-4989  |z Acceso restringido 
942 |c REV